00913nam a22002057a 4500003000900000008004100009020001800050040007100068082001700139245009200156260003700248300002800285505025000313650001900563650002800582650002200610650002000632650002000652700003500672AR-CdUCM190304b ||||| |||| 00| 0 spa d a950-885-012-4 aMUNICIPALIDAD PROVINCIAL DEL CUSCOcBIBLIOTECA MUNICIPAL DEL CUSCO a343.2 /bT49 aLa democracia dividida :bcooperación y conflicto entre el Presidente y el Congreso / aBuenos Aires :bHeliasta,c1995. a346 páginas ;c23 cm. aContenido: El congreso en el marco del sistema presidencial -- El gobierno dividido y el problema del ejercicio del poder -- La presidencia y las tres eras del congreso moderno -- El contexto de la formulación de políticas en el congreso ... aEstados Unidos aSeparación de poderes aPoder legislativo aPoder ejecutivo aPoder y deberes aThurber, James A. (compilador)